Претенденты на папаху: сатирический роман

Dades bibliogràfiques
Autor principal: Чорногуз О. Ф. Олег Федорович
Altres autors: Дангулова Н. (переводчик)
Sumari:Исключено из фонда НТБ ТПУ
Idioma:rus
Publicat: Москва, Советский писатель, 1987
Format: MixedMaterials Llibre
KOHA link:https://koha.lib.tpu.ru/cgi-bin/koha/opac-detail.pl?biblionumber=152093

MARC

LEADER 00000nam0a2200000 4500
001 152093
005 20231031150916.0
020 |a RU  |b 87-93136 
035 |a (RuTPU)RU\TPU\book\164917 
090 |a 152093 
100 |a 20090129d1987 m y0rusy5003 ca 
101 1 |a rus  |c ukr 
102 |a RU 
105 |a c z 000ay 
200 1 |a Претенденты на папаху  |e сатирический роман  |f О. Ф. Чорногуз  |g авториз. пер. с укр. Н. Дангулова 
210 |a Москва  |c Советский писатель  |d 1987 
215 |a 392 с.  |c портр. 
333 |a Исключено из фонда НТБ ТПУ 
700 1 |a Чорногуз  |b О. Ф.  |g Олег Федорович 
702 1 |a Дангулова  |b Н.  |4 730 
801 0 |a RU  |b RuMRKP  |c 19950417  |g psbo 
801 1 |a RU  |b 63413507  |c 20090129  |g PSBO 
801 2 |a RU  |b 63413507  |c 20220602  |g PSBO 
942 |c BK